The Halo

Saved in:
Bibliographic Details
Main Author: Von Hutten, Bettina, 1874-1957
Other Authors: Justice, Martin (Illustrator)
Format: Electronic eBook
Language:English
Published: Project Gutenberg, 2005
Series:Project Gutenberg 16909
Subjects:
Online Access:http://www.gutenberg.org/etext/16909
Rights
Tags: Add Tag
No Tags, Be the first to tag this record!
Call Number :PS

MARC

LEADER 00000cam a22000003a 4500
001 85957
003 MY-KLNDU
005 20241219043817.0
008 210403s2005||||xxu|||||s|||||000 | eng d
035 |a (PGUSA)16909 
039 9 |y 202104031548  |z VLOAD 
040 |a PGUSA  |b eng 
042 |a dc 
050 4 |a PS 
100 1 |a Von Hutten, Bettina, 1874-1957 
245 1 4 |a The Halo  |h [electronic resource] /  |c by Bettina, 1874-1957 Von Hutten; illustrated by Martin Justice 
260 |b Project Gutenberg,  |c 2005 
500 |a Project Gutenberg 
506 |a Freely available. 
516 |a Electronic text 
599 |a Dummy Record 
653 0 |a Fiction 
700 1 |a Justice, Martin,  |e Illustrator 
830 0 |a Project Gutenberg  |v 16909 
856 4 0 |u http://www.gutenberg.org/etext/16909 
856 4 2 |u http://www.gutenberg.org/license  |3 Rights 
999 |a vtls000095408  |c 85957  |d 85957